000 00662cab a22001935a 4500
001 L147451
008 090512e20090508xxko f 000 0 eng d
035 _a(Sirsi) u147451
041 0 _aeng
100 1 _aEade, Christine
245 0 0 _aRegional report
_bEast Anglia
260 _c2009
490 0 _aProperty Week
_v75(19) 8 May 2009, 63-69(4)
520 _aCovers the Norwich office market about to be reinvigorated by several schemes and the industrial market in Kings Lynn, where a vast paper mill is set to open this summer.
590 _aKA
651 4 _aEast Anglia
690 _aPROPERTY-COMMERCIAL PROPERTY-COMMERCIAL PROPERTY MARKET
942 _n0
999 _c81543
_d81543